| 000 | 01045nam a22003017a 4500 | ||
|---|---|---|---|
| 001 | 4661 | ||
| 003 | FISKH | ||
| 005 | 20240919110514.0 | ||
| 008 | 240919b cb ||||| |||| 00| 0 eng d | ||
| 020 | _a9780545279772 | ||
| 040 |
_aFISKH _beng _cFISKH _dFISKH |
||
| 050 | _aPZ7.S68524 | ||
| 082 | _2813.600 | ||
| 100 |
_aJ.Sobol, Donald _d(1924–2012) |
||
| 245 |
_aEncyclopedia brown super sleuth / _cDonald J.Sobol illustrated by James Bernardin |
||
| 250 | _aFirst printing in 2010 | ||
| 260 |
_aNew York : _bScholastic : _c2010. |
||
| 300 |
_a87 pages : _billustrations ; _c20cm |
||
| 505 | _aP | ||
| 520 | _aIdaville's secret weapon against lawbreakers, ten-year-old Leroy "Encyclopedia" Brown, helps the police force solve ten new cases, the solutions to which are found in the back of the book. | ||
| 521 | 8 |
_a630L
_bLexile |
|
| 521 | 8 |
_aP
_bRaz-Plus |
|
| 650 |
_2Encyclopedia Brown _aDetective |
||
| 650 |
_2Mystery _aProblem solving |
||
| 700 |
_aBernardin, James _dIllustrator |
||
| 942 |
_2ddc _cBK _n0 |
||
| 999 |
_c4661 _d4661 |
||